00729nam a2200181 i 4500001000400000100002500004245011700029260006800146300003400214651003800248651006300286655002800349020001500377040000800392041000800400008004100408856009800449bgj1 aWOODWORTH, Steven E.10aThe Essentials of United States History :bwestward expansion and Civil War 1841 to 1877 /cSteven E. Woodworth. aPiscataway, NJ :bResearch and Education Association,cc. 1990. aVIII, 81 pp :bmaps ;c21 cm. 9aUnited StatesxHistoryy1841-1877 9aUnited StatesxTeritorial expansionxHistoryy19th century aOutlines, syllabi, etc. a0878917144 cBPK0 aeng s uk f |000 0 eng  uhttp://koha.tu.koszalin.pl/cgi-bin/koha/opac-detail.pl?biblionumber=47861yKatalog online BPK